100 Biggest Cities in the United States - Statistics

General Stats
  • This quiz has been taken 47 times
    46 since last reset
  • The average score is 65 of 100
Answer Stats
Population City % Correct
8,335,897 New York City
100%
1,567,258 Philadelphia
100%
650,706 Boston
98%
2,665,039 Chicago
98%
1,299,544 Dallas
98%
2,302,878 Houston
98%
3,822,238 Los Angeles
98%
1,381,162 San Diego
98%
808,437 San Francisco
98%
749,256 Seattle
98%
713,252 Denver
95%
621,056 Detroit
95%
449,514 Miami
95%
1,644,409 Phoenix
95%
880,621 Indianapolis
93%
369,749 New Orleans
93%
316,081 Orlando
93%
302,898 Pittsburgh
93%
1,472,909 San Antonio
93%
499,127 Atlanta
91%
974,447 Austin
91%
971,319 Jacksonville
91%
635,067 Portland
91%
971,233 San Jose
91%
671,803 Washington
91%
897,720 Charlotte
86%
907,971 Columbus
86%
509,297 Kansas City
86%
656,274 Las Vegas
86%
683,622 Nashville
86%
694,800 Oklahoma City
86%
528,001 Sacramento
86%
620,376 Memphis
84%
563,305 Milwaukee
84%
398,173 Tampa
84%
309,513 Cincinnati
81%
361,607 Cleveland
81%
425,096 Minneapolis
81%
286,578 St. Louis
81%
569,931 Baltimore
79%
624,444 Louisville
79%
485,153 Omaha
79%
476,587 Raleigh
79%
276,486 Buffalo
77%
956,709 Fort Worth
77%
677,456 El Paso
74%
561,008 Albuquerque
70%
430,553 Oakland
70%
545,567 Tucson
70%
343,421 Honolulu
65%
229,395 Richmond
65%
411,867 Tulsa
65%
396,192 Wichita
65%
305,344 Newark
63%
455,618 Virginia Beach
63%
486,248 Colorado Springs
60%
546,574 Fresno
60%
287,145 Anchorage
58%
512,498 Mesa
56%
236,634 Boise
53%
292,627 Lincoln
53%
273,448 Reno
53%
303,176 St. Paul
53%
266,301 Toledo
53%
410,647 Bakersfield
51%
272,903 Madison
51%
344,461 Anaheim
49%
267,927 Fort Wayne
49%
451,307 Long Beach
49%
316,239 Corpus Christi
47%
320,347 Lexington
47%
230,160 Spokane
47%
251,350 Winston-Salem
44%
245,600 | 394,602 Arlington
42%
393,537 Aurora
42%
320,764 Riverside
42%
308,189 Santa Ana
42%
261,256 St. Petersburg
42%
291,928 Durham
40%
286,670 Jersey City
40%
232,995 Norfolk
40%
301,115 Greensboro
37%
256,187 Laredo
37%
280,711 Chandler
35%
252,136 Glendale
35%
321,819 Stockton
35%
279,170 Chula Vista
33%
263,930 Lubbock
33%
280,543 North Las Vegas
30%
243,050 Scottsdale
30%
252,488 Chesapeake
28%
331,415 Henderson
28%
313,685 Irvine
26%
275,346 Gilbert
23%
289,547 Plano
23%
223,871 Fremont
19%
254,715 Irving
16%
240,854 Garland
14%
231,790 Port St. Lucie
9%
No matching quizzes found
Score Distribution
Percent of People with Each Score
Percentile by Number Answered
Your Score History
You have not taken this quiz since the last reset